000 00287nam a22001337a 4500
008 170619b xxu||||| |||| 00| 0 eng d
020 _a9781594161391
041 _aeng
080 _a32
100 _a20
101 _aSHP
245 _aGREAT NEGOTIATIONS
_cSTANTON,F
942 _2udc
_cBK
999 _c18162
_d18162